Maths - Divide by 11 - Sudden Death - Statistics

General Stats
  • This quiz has been taken 76 times
  • The average score is 10 of 20
Answers on the Grid
Answers color-coded by a green-red scale on the quiz's grid according to % correct below.
1001
999
946
899
814
801
770
726
701
693
660
605
588
539
511
495
473
418
363
333
319
275
220
201
198
154
111
101
99
22
 
Answer Stats
Answer % Correct
22
66%
1001
63%
99
63%
660
56%
473
51%
198
49%
220
49%
770
49%
275
46%
363
46%
693
46%
726
46%
154
44%
539
44%
605
44%
495
41%
319
39%
814
37%
946
37%
418
34%
No matching quizzes found
Score Distribution
Percent of People with Each Score
Percentile by Number Answered
Your Score History
You have not taken this quiz